00345nam a2200133Ia 4500008004100000100001800041245004800059250001200107260004800119300000800167650001400175942000700189999001500196190216s9999||||xx |||||||||||||| ||und|| aPuttaswamaiah 0aUnemployment In India - Policy For Manpower a1st Ed. bOxford And Ibh Publishing Co. Pvt Ltdc1977 a193 aEconomics cBK c9606d9606